1001 tips for buying and selling a home
| Main Author: | |
|---|---|
| Format: | Book |
| Published: |
Ohio :
Thomson South Western ,
2005
|
| Subjects: |
MARC
| LEADER | 00000cam a2200000 7i4500 | ||
|---|---|---|---|
| 001 | 0000015848 | ||
| 005 | 20050921.0 | ||
| 020 | |a 0324232896 | ||
| 040 | |a INS | ||
| 090 | 0 | 0 | |a HD255 |b N27 2005 |
| 100 | 0 | |a Nash, Mark | |
| 245 | 0 | 0 | |a 1001 tips for buying and selling a home |c Mark Nash |
| 260 | |a Ohio : |b Thomson South Western , |c 2005 | ||
| 300 | |a vii : |b 231p. ; |c 23cm. | ||
| 650 | 0 | 0 | |a House buying |z United States |
| 650 | 0 | 0 | |a House selling |z United States |
| 999 | |a 0000015649 |b BOOK |c Open Shelf |e Default branch | ||